Tratado de extradición firmado en Londres el 4 de junio de 1878 entre España y la Gran Bretaña (Registro nro. 172783)

Detalles MARC
000 -LEADER
campo de control de longitud fija 01217nam a22002175i 4500
001 - NÚMERO DE CONTROL
campo de control 172783
003 - IDENTIFICADOR DE NÚMERO DE CONTROL
campo de control ES-MaACL
005 - FECHA Y HORA DE LA ÚLTIMA TRANSACCIÓN
campo de control 20250831061532.0
008 - DATOS DE LONGITUD FIJA--INFORMACIÓN GENERAL
campo de control de longitud fija 090908s1932 sp |||| | spa d
110 1# - ENTRADA PRINCIPAL--NOMBRE DE ENTIDAD CORPORATIVA
Nombre de entidad corporativa o nombre de jurisdicción como elemento de entrada España
9 (RLIN) 3622
245 10 - MENCIÓN DEL TÍTULO
Título Tratado de extradición firmado en Londres el 4 de junio de 1878 entre España y la Gran Bretaña
Resto del título : declaraciones firmadas en Madrid el 29 de mayo de 1888 y 19 de febrero de 1889, modificando el texto del tratado, y acuerdos mediante canjes de notas de 26 de julio y 29 de agosto de 1910, 3 de diciembre de 1927 y 13 de febrero de 1928, y 5 de febrero y 23 de marzo de 1932 haciendo extensivo el tratado de extradición a los protectorados británicos que se mencionan.
260 ## - PUBLICACIÓN, DISTRIBUCIÓN, ETC.
Lugar de publicación, distribución, etc. Madrid :
Nombre del editor, distribuidor, etc. [s.n.],
Fecha de publicación, distribución, etc. 1932 (
Fabricante Impr. del Ministerio de Estado)
300 ## - DESCRIPCIÓN FÍSICA
Extensión 41 p. ;
Dimensiones 24 cm.
490 1# - MENCIÓN DE SERIE
Mención de serie Publicaciones del Ministerio de Estado. Serie A: Acuerdos y Convenios Internacionales. Año 1932 ;
Designación de volumen o secuencia 26
500 ## - NOTA GENERAL
Nota general La cubierta sirve de portada.
594 ## - Nota al título y mención de responsabilidad
Nota al título y mención de responsabilidad Texto en español y inglés.
710 1# - ENTRADA AGREGADA--NOMBRE DE ENTIDAD CORPORATIVA
Nombre de entidad corporativa o nombre de jurisdicción como elemento de entrada España.
Unidad subordinada Ministerio de Estado.
9 (RLIN) 3866
830 00 - PUNTO DE ACCESO ADICIONAL DE SERIE-TÍTULO UNIFORME
Título uniforme Publicaciones del Ministerio de Estado
Designación de volumen o secuencia 26
9 (RLIN) 189119
852 ## - LOCALIZACIÓN
Ubicación ES-MaACL
Número de control de estantería 2299-F-40
Existencias
Estatus retirado Estado de pérdida Estado de daño No para préstamo Colección Biblioteca de origen Biblioteca actual Ubicación en estantería Fecha de adquisición Fuente de adquisición Total de préstamos Signatura topográfica completa Código de barras Visto por última vez Precio de reemplazo Tipo de ítem Koha
        Colección de folletos Biblioteca del Ateneo de Madrid Biblioteca del Ateneo de Madrid Depósito folletos 08/09/2009     2299-F-40 1181291 23/02/2023 23/02/2023 Folleto